| 000 | 00621nam a2200193 i 4500 | ||
|---|---|---|---|
| 001 | 51688 | ||
| 003 | ES-MaACL | ||
| 005 | 20250625170404.0 | ||
| 007 | t| | ||
| 008 | 030814s1968 sp ||||1| spa d | ||
| 100 | 0 |
_aDaniélou, Jean. _942633 |
|
| 245 | 1 | 0 |
_aCristianismo de masas o de minorías / _cJean Danielou, Jean Pierre Jossua ; [tradujo Nicolás López Martínez]. |
| 260 |
_aBurgos : _bAldecoa, _c1968. |
||
| 300 |
_a148 p. ; _c19 cm. |
||
| 700 | 1 |
_aJossua, Jean Pierre. _967004 |
|
| 700 | 1 |
_aLópez Martínez, Nicolás, _d1925-2006 _973762 |
|
| 852 |
_aES-MaACL _jC-51411 _bR.68101 |
||
| 999 |
_c51688 _d51688 |
||